[Event "Senta January op"]
[Site "Senta"]
[Date "2010.02.06"]
[Round "8"]
[White "Toth, Pal Gabor"]
[Black "Toth, Kazmer"]
[Result "1-0"]
[WhiteElo "1799"]
[BlackElo "1960"]
[PlyCount "83"]
[EventDate "2010.01.22"]
[EventType "swiss"]
[EventRounds "9"]
[EventCountry "YUG"]
[SourceTitle "EXT 2011"]
[Source "ChessBase"]
[SourceDate "2010.11.26"]
[SourceVersion "1"]
[SourceVersionDate "2010.11.26"]
[SourceQuality "1"]

1. e4 d6 2. d4 Nf6 3. Nc3 c6 4. h3 g6 5. Bc4 b5 6. Bb3 b4 7. e5 bxc3 8. exf6 cxb2 9. Bxb2 exf6 10. d5 c5 11. Qf3 Bg7 12. Ne2 0-0 13. 0-0 Nd7 14. Qg3 Qc7 15. c4 Ne5 16. f4 Nd7 17. f5 Ne5 18. fxg6 fxg6 19. Bxe5 fxe5 20. Rxf8+ Bxf8 21. Rf1 Bg7 22. Qg5 Bd7 23. Qe7 Bf8 24. Qf7+ Kh8 25. Ba4 Rd8 26. Bxd7 Qxd7 27. Qxd7 Rxd7 28. Rxf8+ Kg7 29. Rb8 Kf6 30. Re8 Kf5 31. Nc3 a6 32. Kf2 Rb7 33. g4+ Kg5 34. Kg3 Kh6 35. Ne4 Rb2 36. g5+ Kg7 37. Nxd6 Rxa2 38. Rxe5 a5 39. Ne4 Rc2 40. Nxc5 Rxc4 41. d6 Kf7 42. Re7+ 1-0

[Event "Senta January op"]
[Site "Senta"]
[Date "2010.01.29"]
[Round "5"]
[White "Petrovic, Vladimir2222"]
[Black "Toth, Pal Gabor"]
[Result "1-0"]
[WhiteElo "2082"]
[BlackElo "1799"]
[PlyCount "161"]
[EventDate "2010.01.22"]
[EventType "swiss"]
[EventRounds "9"]
[EventCountry "YUG"]
[SourceTitle "EXT 2011"]
[Source "ChessBase"]
[SourceDate "2010.11.26"]
[SourceVersion "1"]
[SourceVersionDate "2010.11.26"]
[SourceQuality "1"]

1. e4 c5 2. d4 cxd4 3. c3 dxc3 4. Nxc3 a6 5. Bc4 d6 6. Nf3 Nf6 7. e5 Ng4 8. h3 d5 9. Qxd5 Nh6 10. Bxh6 e6 11. Qxd8+ Kxd8 12. Bg5+ Be7 13. Rd1+ Nd7 14. Ne4 h6 15. Bxe7+ Kxe7 16. Nd6 b5 17. Bd3 Nc5 18. b4 Na4 19. Rc1 f6 20. Rc7+ Bd7 21. Be4 Rab8 22. Bc6 Nb6 23. Bxd7 Nxd7 24. Ne4 Rhc8 25. exf6+ gxf6 26. Rxc8 Rxc8 27. Nc5 Nxc5 28. bxc5 Rxc5 29. Kd2 Rc4 30. Rc1 Ra4 31. Rc2 Kd6 32. Ne1 e5 33. Nd3 Rd4 34. Ke3 a5 35. Nc5 Kd5 36. Nb3 Re4+ 37. Kd3 Ra4 38. Rc5+ Kd6 39. Rxb5 Rxa2 40. Rb6+ Ke7 41. Nd2 h5 42. Ke3 Ra3+ 43. Rb3 Ra4 44. Ne4 f5 45. Rb7+ Kf8 46. Nc5 Rc4 47. Rb5 a4 48. Nd7+ Ke7 49. Nxe5 Re4+ 50. Kd3 Ke6 51. Nc4 Re1 52. Ra5 Ra1 53. Kd4 Rd1+ 54. Kc3 Re1 55. Rxa4 Re2 56. Ra6+ Kf7 57. Nd6+ Kf8 58. Ra8+ Kg7 59. Nxf5+ Kg6 60. Ne3 Rxf2 61. Kd3 Kg5 62. Rg8+ Kh4 63. Rh8 Kg5 64. Ke4 Rf4+ 65. Ke5 Rf2 66. Rg8+ Kh4 67. Rh8 Kg5 68. g4 hxg4 69. hxg4 Rf7 70. Rg8+ Kh6 71. Nf5+ Kh7 72. Re8 Kg6 73. Kf4 Rb7 74. Re6+ Kh7 75. Kg5 Rb5 76. Re7+ Kg8 77. Kf6 Rb6+ 78. Re6 Rb7 79. Re8+ Kh7 80. Re7+ Rxe7 81. Nxe7 1-0

[Event "Senta op-B 13th"]
[Site "Senta"]
[Date "2009.07.23"]
[Round "7"]
[White "Nesovanovic, Miroslav"]
[Black "Toth, Pal Gabor"]
[Result "1/2-1/2"]
[WhiteElo "1987"]
[BlackElo "1825"]
[PlyCount "60"]
[EventDate "2009.07.18"]
[EventType "swiss"]
[EventRounds "9"]
[EventCountry "YUG"]
[SourceTitle "EXT 2012"]
[Source "ChessBase"]
[SourceDate "2011.11.24"]
[SourceVersion "1"]
[SourceVersionDate "2011.11.24"]
[SourceQuality "1"]

1. e4 c5 2. Nf3 d6 3. d4 cxd4 4. Nxd4 Nf6 5. Nc3 Bd7 6. Be2 Nc6 7. Be3 a6 8. 0-0 e6 9. Bf3 Nxd4 10. Qxd4 Be7 11. Rfd1 e5 12. Qd2 h6 13. b4 Qc7 14. Nd5 Nxd5 15. Qxd5 Be6 16. Qd3 Rc8 17. b5 0-0 18. Be2 Bc4 19. Qxc4 Qxc4 20. Bxc4 Rxc4 21. bxa6 bxa6 22. f3 Rxc2 23. Kf1 Rfc8 24. Rdc1 f6 25. a4 Bd8 26. Rab1 Ba5 27. Rxc2 Rxc2 28. Bb6 Bxb6 29. Rxb6 a5 30. Ra6 Rc5 1/2-1/2

[Event "Senta op-B 13th"]
[Site "Senta"]
[Date "2009.07.18"]
[Round "1"]
[White "Kovacs, Arthur"]
[Black "Toth, Pal Gabor"]
[Result "1-0"]
[WhiteElo "2141"]
[BlackElo "1825"]
[PlyCount "159"]
[EventDate "2009.07.18"]
[EventType "swiss"]
[EventRounds "9"]
[EventCountry "YUG"]
[SourceTitle "EXT 2012"]
[Source "ChessBase"]
[SourceDate "2011.11.24"]
[SourceVersion "1"]
[SourceVersionDate "2011.11.24"]
[SourceQuality "1"]

1. d4 d5 2. Nf3 Nf6 3. c4 e6 4. Nc3 Be7 5. cxd5 exd5 6. Bg5 c6 7. Qc2 Be6 8. e3 Nbd7 9. Bd3 h6 10. Bh4 Nh5 11. Bxe7 Qxe7 12. 0-0 g5 13. b4 g4 14. Nd2 0-0 15. b5 c5 16. dxc5 Nxc5 17. Bf5 Rad8 18. Ne2 Ne4 19. Bxe6 Qxe6 20. Nd4 Qe5 21. Rac1 Rc8 22. Qxc8 Nxd2 23. Qxg4+ Ng7 24. Rfd1 Nc4 25. Nf3 Qe8 26. Rxd5 Nxe3 27. Qd4 Nxd5 28. Qxd5 Qe6 29. Qxe6 Nxe6 30. g3 b6 31. Rd1 Nc5 32. Ne5 Kg7 33. Rd6 Ne4 34. Rd7 Nc3 35. Rxa7 Nxb5 36. Rb7 Nc3 37. a3 Nb5 38. Nc4 Ra8 39. Nxb6 Rxa3 40. Nc4 Ra1+ 41. Kg2 Rc1 42. Ne5 Nc7 43. h4 Rc2 44. g4 Kf6 45. Nd3 Ne6 46. Rb6 Rc3 47. Nf4 Kg7 48. Nxe6+ fxe6 49. Rxe6 Rc4 50. Kg3 Rd4 51. Ra6 Rc4 52. Ra7+ Kf6 53. Ra6+ Kg7 54. g5 h5 55. Rh6 Rg4+ 56. Kh3 Rf4 57. Kg3 Rg4+ 58. Kh3 Rf4 59. Rxh5 Rxf2 60. Rh6 Rd2 61. Rf6 Rd4 62. Kg3 Rc4 63. Rf4 Rc5 64. Kg4 Re5 65. h5 Rc5 66. Ra4 Rc7 67. h6+ Kh7 68. Kh5 Rc5 69. Ra7+ Kh8 70. Rf7 Rc6 71. g6 Rc5+ 72. Kg4 Rc8 73. Rd7 Ra8 74. Kf5 Rf8+ 75. Ke6 Rc8 76. Ke7 Rg8 77. Rd8 Rxd8 78. Kxd8 Kg8 79. Ke7 Kh8 80. g7+ 1-0